000 00388nam a2200133Ia 4500
005 20260328101514.0
008 260328s9999||||xx |||||||||||||| ||und||
100 _aRichardson, Adam
245 0 _aInnovation X :
_b Why a company's toughest problems are its greatest advantAges /
_cAdam Richardson
260 _bJossey-Bass
300 _a250 p.
650 _aDISEÑO INDUSTRIAL
942 _cBK
999 _c9314
_d9314